<?xml version="1.0" encoding="UTF-8"?><?xml-stylesheet type="text/xsl" href="static/style.xsl"?><OAI-PMH xmlns="http://www.openarchives.org/OAI/2.0/" xmlns:xsi="http://www.w3.org/2001/XMLSchema-instance" xsi:schemaLocation="http://www.openarchives.org/OAI/2.0/ http://www.openarchives.org/OAI/2.0/OAI-PMH.xsd"><responseDate>2026-06-30T01:12:17Z</responseDate><request verb="GetRecord" identifier="oai:riubu.ubu.es:10259/9601" metadataPrefix="marc">https://riubu.ubu.es/oai/request</request><GetRecord><record><header><identifier>oai:riubu.ubu.es:10259/9601</identifier><datestamp>2024-10-20T00:05:16Z</datestamp><setSpec>com_10259.4_104</setSpec><setSpec>com_10259_2604</setSpec><setSpec>col_10259_9470</setSpec></header><metadata><record xmlns="http://www.loc.gov/MARC21/slim" xmlns:doc="http://www.lyncode.com/xoai" xmlns:xsi="http://www.w3.org/2001/XMLSchema-instance" xmlns:dcterms="http://purl.org/dc/terms/" xsi:schemaLocation="http://www.loc.gov/MARC21/slim http://www.loc.gov/standards/marcxml/schema/MARC21slim.xsd">
<leader>00925njm 22002777a 4500</leader>
<datafield tag="042" ind1=" " ind2=" ">
<subfield code="a">dc</subfield>
</datafield>
<datafield tag="720" ind1=" " ind2=" ">
<subfield code="a">Stolle Arranz, Azucena</subfield>
<subfield code="e">author</subfield>
</datafield>
<datafield tag="720" ind1=" " ind2=" ">
<subfield code="a">Simón Bratos, Irune</subfield>
<subfield code="e">author</subfield>
</datafield>
<datafield tag="260" ind1=" " ind2=" ">
<subfield code="c">2024-10-10</subfield>
</datafield>
<datafield tag="520" ind1=" " ind2=" ">
<subfield code="a">El propósito principal de nuestro plan de difusión es aumentar la visibilidad y el uso de la Biblioteca de Ciencias de la Salud, mejorando la comunicación con los usuarios y fomentando un mayor aprovechamiento de los recursos disponibles, propiciando el uso y conocimiento de la misma desde el inicio de la vida universitaria, intentando aumentar el número de usuarios que conocen y acuden a la biblioteca o bien están informados por otros medios alternativos sobre la actividad de la misma, todo ello en línea con los Objetivos de Desarrollo Sostenible vigentes (Biblioteca inclusiva). La presente comunicación es el reflejo de la sistematización de todas las tareas que se realizan en la biblioteca en esta línea de trabajo.</subfield>
</datafield>
<datafield tag="024" ind2=" " ind1="8">
<subfield code="a">http://hdl.handle.net/10259/9601</subfield>
</datafield>
<datafield ind1=" " ind2=" " tag="653">
<subfield code="a">Marketing bibliotecario</subfield>
</datafield>
<datafield ind1=" " ind2=" " tag="653">
<subfield code="a">Difusión bibliotecaria</subfield>
</datafield>
<datafield ind1=" " ind2=" " tag="653">
<subfield code="a">Comunicación con los usuarios</subfield>
</datafield>
<datafield tag="245" ind1="0" ind2="0">
<subfield code="a">Visibilizando la Biblioteca de Ciencias de la Salud de la UVa</subfield>
</datafield>
</record></metadata></record></GetRecord></OAI-PMH>